=LDR 00000nam 2200000 4500 =001 000450 =005 20250710074753 =035 ##$$a 0010-0725000312 =007 ta =008 250710################a##########0#ind## =020 ##$$a 978-623-472-322-9 =082 ##$$a 398.209 598 =084 ##$$a 398.209 598 VER b =100 #$$a Verbeek Clare =245 1#$$a Bukuku yang Pertama tentang Bunga /$c Claree Verbeek, Thembani Dladla, Zanele Buthelezi =250 ##$$a Cetakan Pertama 2024 =260 ##$$a Jakarta :$b Badan Pengembangan dan Pembinaan Bahasa,$c 2022 =300 ##$$a 20 hlm : $b Ilus. ; $c 22,9 cm =650 #4$$a Cerita Anak Indonesia - Terjemahan =650 #4$$a Literasi- Bahan Bacaan =700 #$$a Dladla Thembani =700 #$$a Buthelezi Zanele =990 ##$$a TBM01880188 =990 ##$$a TBM01940194